Budapest tram line 3 stops - Statistics

General Stats
  • This quiz has been taken 44 times
  • The average score is 18 of 31
Answer Stats
Answer Interchange % Correct
Mexikói út M1, 1, 1A, 69
100%
Örs vezér tere M2, H8, H9,62, 62A
91%
Kőbánya alsó vasútállomás 28, 28A, 62,62A, MÁV
88%
Ecseri út M3
79%
Gubacsi út / Határ út 2B, 51
76%
Élessarok 28, 28A, 37,37A, 62, 62A
73%
Bosnyák tér
67%
Erzsébet királyné útja, aluljáró 1, 1A, 69
67%
Nagy Lajos király útja / Czobor utca 62, 62A, 69
67%
Epreserdő utca
61%
Fehér úti ipari park
61%
Szent László tér
61%
Terebesi utca
61%
Egressy tér
58%
Szugló utca / Nagy Lajos király útja
58%
Fertő utca / Bihari utca
55%
Jeszenák János utca
52%
Kőbánya alsó vasútállomás (Mázsa tér) 62A
52%
Közterületfenntartó Zrt.
52%
Laky Adolf utca
52%
Kerékgyártó utca
48%
Nagykőrösi út / Határ út 52
48%
Ónodi utca
48%
Pongrátz Gergely tér
48%
Tihamér utca
45%
Kocsis Sándor Sportközpont
39%
Ősz utca 2B, 51, 52
39%
Balkán utca
36%
Csengettyű utca
36%
Mártírok útja / Határ út
30%
Jókai Mór utca / Határ út 2B, 51, 52
27%
No matching quizzes found
Score Distribution
Percent of People with Each Score
Percentile by Number Answered
Your Score History
You have not taken this quiz